Quiz sur les personnages Disney - Statistiques

Statistiques générales
  • Ce quiz a été pris 6 793 fois
  • Le résultat moyen est 9 sur 25
Statistiques - réponses
Description Réponse % Correct
Le crabe rouge dans la petite sirène Sebastien
84%
Le petit chaton roux dans les aristochats Toulouse
68%
Le caméléon dans Raiponce Pascal
66%
L'élan dans La reine des neiges Sven
65%
La panthère noire dans le livre de la jungle Baghera
63%
L'Âne dans Winnie l'ourson Bourriquet
60%
La copine à Donald Duck Daisy Duck
59%
La fille à Simba dans le roi lion 2 Kiara
45%
Le chaton qui se joint avec plusieurs chien de la rue Oliver
44%
Le petit ourson dans Frêre des ours Koda
40%
Le petit ami de Mulan Shang
37%
La fée bleue dans la belle au bois dormant Pimprenelle
36%
La grande soeur de Lilo dans Lilo et Stitch Nani
30%
Le grand requin dans le monde de Némo Bruce
27%
Le propriétaire de Pongo dans les 101 dalmatiens Roger
27%
La fille dans Bernard et Bianca qui se fait enlevée Penny
26%
Le meilleur enemie de Mickey Mouse Pat Hibulaire
22%
La première fille que rencontre Peter Pan Wendy Darling
21%
Le colibri dans Pocahontas Flit
19%
Le héro principal dans 1001 pattes Tilt
19%
Le Chef des gorilles dans Tarzan Kerchak
14%
La chatte noire dans Volt, star malgré lui Mitaine
14%
Le chaton de Alice dans Alice au pays des merveilles Dinah
12%
Le prince dans cendrillon Prince Henri
9%
La copine de Chicken Little Abby Mallard
4%
Aucun quiz correspondant
Distribution des résultats
% des personnes avec chaque résultat
Percentile par nombre de réponses
Votre historique - résultats
Vous n’avez pas pris ce quiz